A History of Anthropology /

Obra que presenta un panorama histórico de la antropología en cuatro fases: el primero va desde su aparición en la antigua Grecia hasta la Ilustración; la segunda, da cuenta del surgimiento de las escuelas en el siglo XIX con el desarrollo de la sociología clásica; la tercera, trata sobre los cuatro...

Повний опис

Збережено в:
Бібліографічні деталі
Автор: Eriksen, Thomas Hylland (autor)
Інші автори: Nielsen, Finn Sivert (autor) (autor)
Формат: Книга
Мова:Англійська
Опубліковано: Londres, Inglaterra : Ann Arbor, EUA : Pluto, 2001, c2001
Серія:(Anthropology, Culture and Society)
Предмети:
Теги: Додати тег
Немає тегів, Будьте першим, хто поставить тег для цього запису!

MARC

LEADER 00000nam^a2200000^a^4500
001 000270999
005 20250521000000.0
009 20260310111013.683
020 |a 978-0-7453-1385-6 
037 |a Acervo ITESO - Biblioteca 
041 |a ING 
082 |a 300. 9  |b ERI 
100 |a Eriksen, Thomas Hylland  |e (autor) 
245 1 1 |a A History of Anthropology /  |c T.H. Eriksen, F.S. Nielsen. 
264 4 |a Londres, Inglaterra :  |b Pluto,  |a Ann Arbor, EUA :  |c 2001, c2001 
300 |a VIII, 207 p. 
336 |a texto  |b txt  |2 rdacontenido 
337 |a sin mediación  |b n  |2 rdamedio 
338 |a volumen  |b nc  |2 rdasoporte 
440 1 |a (Anthropology, Culture and Society) 
520 |a Obra que presenta un panorama histórico de la antropología en cuatro fases: el primero va desde su aparición en la antigua Grecia hasta la Ilustración; la segunda, da cuenta del surgimiento de las escuelas en el siglo XIX con el desarrollo de la sociología clásica; la tercera, trata sobre los cuatro fundadores de la antropología del siglo XX y la expansión del pensamiento de estos a través de sus discípulos; el cuarto, plantea los nuevos enfoques con que aborda sus indagaciones. 
649 |a XX 
650 |a Antropología -  |x Historia -  |x Tema Principal 
650 |a Antropología -  |x Teoría 
650 |a Sociología 
650 |a Ciencias Sociales 
650 |a Malinowski, Bronislaw 
650 |a Radcliffe Brown, Alfred R. 
650 |a Boas, Franz 
650 |a Mauss, Marcel 
700 |a Nielsen, Finn Sivert  |e (autor) 
910 |a Fondo General 
920 |a Impresos - Libros 
930 |a Colección General 
905 |a 101 
901 |a 0500156624  |b IT1  |c ACC  |u 20250521 
902 |a https://opac.biblio.iteso.mx/vufind/Record/000270999